| 000 | 00573nam a2200193Ia 4500 | ||
|---|---|---|---|
| 005 | 20260429112103.0 | ||
| 008 | 260429s9999||||xx |||||||||||||| ||und|| | ||
| 020 | _a9781440880902 | ||
| 041 | _aEnglish | ||
| 082 |
_a023.8 _bLEA |
||
| 100 | _aLeachman, Emily | ||
| 245 | 0 |
_aComplete guide to training library staff : _bfrom onboarding to offboarding / _cEmily Leachman |
|
| 260 |
_aNew York : _bBloomsbury Libraries Unlimited, _c2025. |
||
| 300 | _avi, 152 p.; pbk | ||
| 650 | _a Library staff | ||
| 650 | _aTraining | ||
| 700 | _a Libbry, A. Garrison | ||
| 942 | _cTB | ||
| 999 |
_c52283 _d52283 |
||